=LDR 00000nam 2200000 4500 =001 INLIS000000000030787 =005 20130612132914 =008 ***********************************ind** =035 ##$$0010-061300000030787 =041 ##$$a ind =082 ##$$a 813 =090 ##$$a 813, Dri u =100 ##$$a Driskoll, Laura =245 ##$$a Vidia dan mahkota peri, Laura Driskol, penerjemah, Vina Damajanti =260 ##$$a 2007 $b Jakarta =300 ##$$a 122 hlm, ilus, 14.5 cm =650 ##$$a Fiksi =850 ##$$a NBPNMAT